APPLICATION OF COMMITMENT AND FUZZY COMMITMENT OVER JOSTLE CHANNEL (Record no. 218579)

MARC details
000 -LEADER
fixed length control field 00414nam a2200145Ia 4500
003 - CONTROL NUMBER IDENTIFIER
control field OSt
005 - DATE AND TIME OF LATEST TRANSACTION
control field 20240927121331.0
008 - FIXED-LENGTH DATA ELEMENTS--GENERAL INFORMATION
fixed length control field 240129s9999 xx 000 0 und d
040 ## - CATALOGING SOURCE
Transcribing agency MU
100 ## - MAIN ENTRY--PERSONAL NAME
Personal name KUMAR, BHUPENDRA
245 #0 - TITLE STATEMENT
Title APPLICATION OF COMMITMENT AND FUZZY COMMITMENT OVER JOSTLE CHANNEL
260 ## - PUBLICATION, DISTRIBUTION, ETC.
Name of publisher, distributor, etc. MEWAR UNIVERSITY, CHITTORGARH
Date of publication, distribution, etc. 2013
650 ## - SUBJECT ADDED ENTRY--TOPICAL TERM
Topical term or geographic name entry element Computer Science & Engineering
942 ## - ADDED ENTRY ELEMENTS (KOHA)
Koha item type Ph. D Thesis
Source of classification or shelving scheme Dewey Decimal Classification
Holdings
Withdrawn status Lost status Damaged status Not for loan Home library Current library Shelving location Date acquired Total Checkouts Barcode Date last seen Price effective from Koha item type
        Mewar University Central Library Mewar University Central Library Engineering 30/01/2024   TH0004 30/01/2024 30/01/2024 Ph. D Thesis